[Event "LSS ZN-2008-0-00482"]
[Site "LSS email"]
[Date "2008.08.20"]
[Round "?"]
[White "De la Pena Balbuena, Isaias"]
[Black "Schmeck, Daniel"]
[Result "1-0"]
[WhiteElo "1358"]
[BlackElo "1179"]
[PlyCount "37"]
[EventDate "2008.08.18"]
[EventType "match (corr)"]
[EventRounds "2"]
[EventCountry "GER"]
[SourceTitle "Corr 2013"]
[Source "ChessBase"]
[SourceDate "2012.11.12"]
[SourceVersion "1"]
[SourceVersionDate "2012.11.12"]
[SourceQuality "1"]

1. d4 d5 2. Bf4 Nf6 3. e3 Nc6 4. Nf3 Bg4 5. Nbd2 e6 6. h3 Bxf3 7. Qxf3 Nb4 8. Qd1 Bd6 9. c3 Bxf4 10. exf4 0-0 11. cxb4 b5 12. Bxb5 Qd6 13. a3 Qb6 14. Qe2 a6 15. Bd3 Qxd4 16. Qe3 Qxb2 17. Rb1 Qa2 18. Qd4 c5 19. bxc5 1-0